Practical stock and inventory techniques that cut costs and improve profits / (Record no. 3530)

000 -LEADER
fixed length control field 00832cam a2200253 a 4500
003 - CONTROL NUMBER IDENTIFIER
control field AKMAL
005 - DATE AND TIME OF LATEST TRANSACTION
control field 20170523104411.0
008 - FIXED-LENGTH DATA ELEMENTS--GENERAL INFORMATION
fixed length control field 170523s1982 ny a 001 0 eng d
020 ## - INTERNATIONAL STANDARD BOOK NUMBER
International Standard Book Number 0442236093
040 ## - CATALOGING SOURCE
Original cataloging agency AKMAL
082 04 - DEWEY DECIMAL CLASSIFICATION NUMBER
Classification number 658.787 HOH
090 00 - LOCALLY ASSIGNED LC-TYPE CALL NUMBER (OCLC); LOCAL CALL NUMBER (RLIN)
Classification number (OCLC) (R) ; Classification number, CALL (RLIN) (NR) 658.787
Local cutter number (OCLC) ; Book number/undivided call number, CALL (RLIN) HOH
100 1# - MAIN ENTRY--PERSONAL NAME
Personal name Hohenstein, C. Louis
Fuller form of name (Charles Louis),
Dates associated with a name 1930-
9 (RLIN) 7046
245 10 - TITLE STATEMENT
Title Practical stock and inventory techniques that cut costs and improve profits /
Statement of responsibility, etc. C. Louis Hohenstein.
260 ## - PUBLICATION, DISTRIBUTION, ETC.
Place of publication, distribution, etc. New York :
Name of publisher, distributor, etc. V.N. Reinhold Co.,
Date of publication, distribution, etc. c1982.
300 00 - PHYSICAL DESCRIPTION
Extent vii, 194 p. :
Other physical details ill. ;
Dimensions 24 cm.
650 #0 - SUBJECT ADDED ENTRY--TOPICAL TERM
Topical term or geographic name entry element Inventory control
9 (RLIN) 6372
942 ## - ADDED ENTRY ELEMENTS (KOHA)
Source of classification or shelving scheme
Koha item type Book
Holdings
Withdrawn status Lost status Source of classification or shelving scheme Damaged status Not for loan Collection code Home library Current library Shelving location Date acquired Inventory number Total Checkouts Full call number Barcode Date last seen Price effective from Koha item type
          NON-FICTION AKMAL Melaka AKMAL Melaka PINJAMAN 23.05.2017 600775   658.787 HOH 201704660 23.05.2017 23.05.2017 Book
          NON-FICTION AKMAL Melaka AKMAL Melaka PINJAMAN 23.05.2017 600985   658.787 HOH 201704659 23.05.2017 23.05.2017 Book
Pusat Sumber Maklumat Dato' Haji Sarmin Md Hussin, Akademi Kastam Diraja Malaysia, Melaka
Tel: 06-2331106 | Faks: 06-2313787